000 00490 a2200145 4500
020 _a 0140621008
040 _aDLC
_bDLC
082 _a823.8
100 _aDoyle, Arthur.
245 _aThe Adventures of Sherlock Holmes
_cArthur Doyle,
260 _aNew York:
_bPenguin Books,
_c1994.
300 _a302 p. ;
_c20 cm.
650 _a1.Holmes, Sherlock(Fictions character)--Fiction.2.Private investigators--England--Fiction. 3.Detective and mystery stories, English.
942 _cBK
_k823.8 DOY
_2ddc
999 _c5262
_d5262